Output slump puts pressure on input costs (Record no. 81431)

MARC details
000 -LEADER
fixed length control field 00774cab a22001935a 4500
001 - CONTROL NUMBER
control field L147205
008 - FIXED-LENGTH DATA ELEMENTS--GENERAL INFORMATION
fixed length control field 090415e20090402xxkdo f 000 0 eng d
035 ## - SYSTEM CONTROL NUMBER
System control number (Sirsi) u147205
041 0# - LANGUAGE CODE
Language code of text/sound track or separate title eng
100 2# - MAIN ENTRY--PERSONAL NAME
Personal name Spackman, Juliet
245 00 - TITLE STATEMENT
Title Output slump puts pressure on input costs
260 ## - PUBLICATION, DISTRIBUTION, ETC.
Date of publication, distribution, etc. 2009
490 ## - SERIES STATEMENT
Series statement Construction News
Volume/sequential designation (7111) 2 April 2009, 18-19 (2)
520 ## - SUMMARY, ETC.
Summary, etc. Reports on construction costs for March 2009. Explains that contractors' input costs are 4.9% lower over the last three months. Material costs fell by 5.6%. Labour costs decreased by 3.7% on average. Provides costs of construction: mean materials and labour prices for March 2009.
590 ## - LOCAL NOTE (RLIN)
Local note KA
651 #4 - SUBJECT ADDED ENTRY--GEOGRAPHIC NAME
Geographic name United Kingdom
Chronological subdivision
690 ## - LOCAL SUBJECT ADDED ENTRY--TOPICAL TERM (OCLC, RLIN)
Topical term or geographic name as entry element BUILT ENVIRONMENT-BUILDING COSTS
942 ## - ADDED ENTRY ELEMENTS (KOHA)
Suppress in OPAC 0
Holdings
Withdrawn status Lost status Source of classification or shelving scheme Damaged status Not for loan Home library Current library Shelving location Date acquired Total Checkouts Full call number Barcode Date last seen Copy number Price effective from Koha item type
    Dewey Decimal Classification     London London Journal article 15/04/2009   L147205 147205-1001 06/08/2019 1 06/08/2019 Journal article